Účetní systém IAS/IFRS charakteristika účetního systému
Saved in:
| Main Author: | |
|---|---|
| Corporate Author: | |
| Format: | Book |
| Language: | Czech |
| Published: |
Praha
Kernberg Publishing
2007
|
| Subjects: | |
| Tags: |
No Tags, Be the first to tag this record!
|
MARC
| LEADER | 00000nam$a2200000$$$4500 | ||
|---|---|---|---|
| 001 | 0074074 | ||
| 005 | 20240311131337.4 | ||
| 020 | |a 978-80-903962-2-7 | ||
| 041 | 0 | |a cze | |
| 044 | |a CZ | ||
| 245 | 1 | 0 | |a Účetní systém IAS/IFRS |b charakteristika účetního systému |c Jana Hinke |
| 264 | 1 | |a Praha |b Kernberg Publishing |c 2007 | |
| 300 | |a 190 s. | ||
| 610 | 2 | 0 | |a systémy účtovné |
| 610 | 2 | 0 | |a štandardy účtovné medzinárodné |
| 610 | 2 | 0 | |a IFRS |
| 610 | 2 | 0 | |a závierka účtovná |
| 610 | 2 | 0 | |a účtovníctvo |
| 610 | 2 | 0 | |a normy právne |
| 610 | 2 | 0 | |a Česko |
| 610 | 2 | 0 | |a systémy účtovné |
| 610 | 2 | 0 | |a štandardy účtovné medzinárodné |
| 610 | 2 | 0 | |a IFRS |
| 610 | 2 | 0 | |a závierka účtovná |
| 610 | 2 | 0 | |a účtovníctvo |
| 610 | 2 | 0 | |a normy právne |
| 100 | 1 | |a Hinke, Jana | |
| 710 | 2 | |a Česká zemědělská univerzita v Praze. Provozně ekonomická fakulta | |